Descriptive cataloguing : (Record no. 416)
[ view plain ]
| 000 -LEADER | |
|---|---|
| fixed length control field | 00865cam a22002771i 4500 |
| 001 - CONTROL NUMBER | |
| control field | 416 |
| 003 - CONTROL NUMBER IDENTIFIER | |
| rucl marc code | BD-RjUL |
| 005 - DATE AND TIME OF LATEST TRANSACTION | |
| control field | 20211208233156.0 |
| 008 - FIXED-LENGTH DATA ELEMENTS--GENERAL INFORMATION | |
| fixed length control field | 131129s1971 Uk h 000 0 eng |
| 020 ## - INTERNATIONAL STANDARD BOOK NUMBER | |
| International Standard Book Number | 0851571190 |
| 035 ## - SYSTEM CONTROL NUMBER | |
| System control number | (BD-RjUL)433 |
| System control number | (NNC)2586105 |
| 040 ## - CATALOGING SOURCE | |
| Original cataloging agency | DLC |
| Transcribing agency | DLC |
| Modifying agency | BD-RjUL |
| Language of cataloging | eng |
| 041 ## - LANGUAGE CODE | |
| Language code of text/sound track or separate title | eng |
| 082 00 - DEWEY DECIMAL CLASSIFICATION NUMBER | |
| Classification number | 025.32 |
| Edition number | 16 |
| Author mark and year | TAD 1971 |
| 090 ## - LOCALLY ASSIGNED LC-TYPE CALL NUMBER (OCLC); LOCAL CALL NUMBER (OCLC) | |
| Classification number (OCLC) (R) ; Classification number, CALL (RLIN) (NR) | Z694.T35 |
| Local cutter number (OCLC) ; Book number/undivided call number, CALL (RLIN) | 1971 |
| 100 1# - MAIN ENTRY--PERSONAL NAME | |
| Personal name | Tait, James A. |
| 9 (RLIN) | 1293 |
| 245 10 - TITLE STATEMENT | |
| Title | Descriptive cataloguing : |
| Remainder of title | A Students' introduction to the Anglo-American cataloguing rules 1967 / |
| Statement of responsibility, etc. | James A. Tait & Douglas Anderson. |
| 250 ## - EDITION STATEMENT | |
| Edition statement | 2d ed., rev. and enl. |
| 260 ## - PUBLICATION, DISTRIBUTION, ETC. (IMPRINT) | |
| Place of publication, distribution, etc. | london : |
| Name of publisher, distributor, etc. | Clive Bingley , |
| Date of publication, distribution, etc. | c1971. |
| 300 ## - PHYSICAL DESCRIPTION | |
| Pagination | 122 p. ; |
| Size | 23 cm. |
| 650 #0 - SUBJECT ADDED ENTRY--TOPICAL TERM | |
| Topical term or geographic name as entry element | Descriptive cataloging |
| Geographic subdivision | Great Britain |
| Form subdivision | Rules. |
| 9 (RLIN) | 1294 |
| 700 1# - ADDED ENTRY--PERSONAL NAME | |
| Personal name | Anderson, F. Douglas |
| Relator term | Jt. author. |
| 942 ## - ADDED ENTRY ELEMENTS (KOHA) | |
| Source of classification or shelving scheme | Dewey Decimal Classification |
| Koha item type | Books |
| Lost status | Source of classification or shelving scheme | Damaged status | Not for loan | Collection code | Permanent Location | Current Location | Shelving location | Date acquired | Source of acquisition | Total Checkouts | Full call number | Date last seen | Copy number | Koha item type |
|---|---|---|---|---|---|---|---|---|---|---|---|---|---|---|
| Dewey Decimal Classification | Non-fiction | Central Library, University of Rajshahi | Central Library, University of Rajshahi | 13/12/1988 | Britain Gift | 025.32 TAD 1971 | 18/11/2013 | C-2 | Books | |||||
| Dewey Decimal Classification | Not For Loan | Non-fiction | Central Library, University of Rajshahi | Central Library, University of Rajshahi | Reading Room | 13/12/1988 | Britain Gift | 025.32 TAD 1971 | 18/11/2013 | C-1 | Books | |||
| Dewey Decimal Classification | Non-fiction | Central Library, University of Rajshahi | Central Library, University of Rajshahi | 13/12/1988 | Britain Gift | 025.32 TAD 1971 | 18/11/2013 | C-3 | Books | |||||
| Dewey Decimal Classification | Non-fiction | Central Library, University of Rajshahi | Central Library, University of Rajshahi | 13/12/1988 | Britain Gift | 025.32 TAD 1971 | 18/11/2013 | C-4 | Books | |||||
| Dewey Decimal Classification | Non-fiction | Central Library, University of Rajshahi | Central Library, University of Rajshahi | 13/12/1988 | Britain Gift | 025.32 TAD 1971 | 18/11/2013 | C-5 | Books | |||||
| Dewey Decimal Classification | Non-fiction | Central Library, University of Rajshahi | Central Library, University of Rajshahi | 13/12/1988 | Britain Gift | 025.32 TAD 1971 | 18/11/2013 | C-6 | Books |